| 000 | 00600nam a22001937a 4500 | ||
|---|---|---|---|
| 005 | 20230617025148.0 | ||
| 008 | 230118b |||||||| |||| 00| 0 eng d | ||
| 020 | _a97189-5906-8 | ||
| 082 | _aFil. 70 P193 1964 | ||
| 100 |
_aPanizo, Alfredo _eauthor |
||
| 245 |
_aEthics or moral philosophy / _cAlfredo Panizo |
||
| 260 |
_aQuezon City: _bPPP, _cc1964. |
||
| 300 | _aix. 230p. | ||
| 490 | _aUST Textbook series | ||
| 504 | _aIncludes bibliographies | ||
| 541 | _e2779 c.1, 2780 c.2, 2781 c.3, 2782 c.4, 2783 c.5, 2784 c.6, 3543 c.7, 3544 c.8 | ||
| 650 | _aEthics | ||
| 650 | _aMoral education | ||
| 999 |
_c575 _d575 |
||